000 00441pab a2200169 454500
008 180718b2014 xxu||||| |||| 00| 0 eng d
100 _aBala Subrahmanya, M.H.
245 _aWhy does India's economic growth process falter?
260 _c2014
300 _ap.18-20.
362 _a22 Feb
650 _aEconomic growth - India
650 _aEconomic growth
773 _aEconomic and Political Weekly
908 _aN
909 _a102462
999 _c102460
_d102460